00488nam a2200157 i 4500001000300000100002700003245005100030260002100081040000800102041000800110942000700118008004100125999001700166856009800183952004900281bg1 aKRUCZKOWSKA, Grażyna 0aEgalitaryzm a płace /cGrażyna Kruczkowska. aWarszawa,c1979. cBPK apol cKS s pl f |000 0 pol  c21453d21453 uhttp://koha.tu.koszalin.pl/cgi-bin/koha/opac-detail.pl?biblionumber=21453yKatalog online BPK 00104070aBPKbBPKcwo30105p01566895yKS